| 000 | 00581nam a2200229Ia 4500 | ||
|---|---|---|---|
| 003 | 0 | ||
| 005 | 20170926131212.0 | ||
| 008 | 170918s9999 xx 000 0 und d | ||
| 020 | _a9780451530691 | ||
| 050 | _bH766il 2007 | ||
| 100 | _aHomer | ||
| 245 | 4 | _aThe iliad / | |
| 245 | _cby Homer ; translated by W. H. D. Rouse ; introduction by Seth L. Schein. | ||
| 260 | _aNew York : | ||
| 260 | _bNew American Library, | ||
| 260 | _c2007 | ||
| 300 | _axvi, 377 pages : | ||
| 300 | _billustrations ; | ||
| 300 | _c17cm. | ||
| 300 | _eSignet classics. | ||
| 942 |
_2lcc _cBK |
||
| 999 |
_c343483 _d343483 |
||